| 000 | 00979nam a22002537a 4500 | ||
|---|---|---|---|
| 001 | 48015 | ||
| 003 | BD-RjUL | ||
| 005 | 20211209054436.0 | ||
| 008 | 160811s2000 ii ||||| |||| 00| 0 ben d | ||
| 020 |
_a8185471673 _c: IRs 70.00 |
||
| 035 | _a(BD-RjUL)48134 | ||
| 040 |
_aBD-RjUL _bben _cBD-RjUL |
||
| 041 | _aben | ||
| 082 |
_223 _a891.4409 _bBHM 2000 |
||
| 100 |
_aভট্রাচার্য, সুতপা _9145618 |
||
| 245 | 1 | 0 |
_aমেয়েলি পাঠ / _cসুতপা ভট্রাচার্য |
| 260 |
_aকলকাতা : _bপুস্তক বিপণি, _c২০০০ |
||
| 300 |
_a১৪৪ পৃ. ; _c২১ সেমি. |
||
| 650 |
_aবাংলা সাহিত্য _xইতিহাস ও সমালোচনা _9145619 |
||
| 650 |
_aনারী সাহিত্য _9161483 |
||
| 650 |
_aBengali Literature _xHIstory & Criticism _9145620 |
||
| 650 |
_aWomen in literature _9118234 |
||
| 942 |
_2ddc _cBK |
||
| 999 |
_c48015 _d48015 |
||